000 00667nam a2200217 u 4500
005 20230623063610.0
008 160418s2014 mx r 000 0 spa d
020 _a9786077514909
035 _aUPN01000209588
049 _aI
050 4 _aPQ7298.12 R7
_bE4.4
100 1 _aBrozon, M. B.,
_d1970-
_931044
245 1 0 _aElda, la niña nueva /
_cMónica B. Brozon ; il. Enrique Torralba.
260 _aMéxico :
_bCONAPRED :
_bSEGOB,
_c2014.
300 _a38 p. :
_bil. col.
440 0 _aKipatla.
_pPara tratarnos igual
650 4 _aCuentos infantiles mexicanos
_97723
650 4 _aTATUAJES -
_vLITERATURA INFANTIL
_924957
905 _aInfantil
999 _c181689
_d181689